Kraje, w których odbywa się PŚ w skokach narciarskich 2025/26 - Statystyki

Ogólne statystyki
  • Ten quiz został rozwiązany 94 razy
  • Średni wynik to 8 z 9
Statystyki odpowiedzi
Kraj % Poprawnych
Polska
99%
Austria
98%
Niemcy
98%
Finlandia
96%
Norwegia
96%
Słowenia
94%
Japonia
93%
Szwajcaria
88%
Szwecja
80%
Nie znaleziono quizów pasujących do podanych kryteriów
Rozkład punktacji
Procent ludzi z każdym wynikiem
Percentyl według liczby udzielonych odpowiedzi
Twoja historia wyników
Nie rozwiązałeś tego quizu